Открытая книга. Открытое сознание. Открытое общество. Взаимосвязь социальной работы и социальной политики (Запись № 9884)

Подробности
000 -МАРКЕР
контрольное поле 02405nam0a2200385 4500
001 - ИДЕНТИФИКАТОР ЗАПИСИ
контрольное поле RU\NLR\bibl\4160
005 - ИДЕНТИФИКАТОР ВЕРСИИ
контрольное поле 20260406045609.0
010 ## - МЕЖДУНАРОДНЫЙ СТАНДАРТНЫЙ НОМЕР КНИГИ (ISBN)
Номер (ISBN) 5-7567-0198-2
Тираж 2000
021 ## - НОМЕР ГОСУДАРСТВЕННОЙ РЕГИСТРАЦИИ
Код страны Российская Федерация
Номер 98-2750
Номер Листа государственной регистраци 135
035 ## - ДРУГИЕ СИСТЕМНЫЕ НОМЕРА
Идентификатор записи (NLR Aleph) 000004033
100 ## - ДАННЫЕ ОБЩЕЙ ОБРАБОТКИ
Данные общей обработки 19980727d1997 |||y0rusy50 ca
101 1# - ЯЗЫК РЕСУРСА
Язык текста, звукозаписи и т.д. русский
Язык оригинала английский
102 ## - СТРАНА ПУБЛИКАЦИИ ИЛИ ПРОИЗВОДСТВА
Страна публикации Российская Федерация
105 ## - ПОЛЕ КОДИРОВАННЫХ ДАННЫХ: ТЕКСТОВЫЕ МАТЕРИАЛЫ, МОНОГРАФИЧЕСКИЕ
Кодированные данные о монографическом текстовом документе |||||||||||||
200 1# - ЗАГЛАВИЕ И СВЕДЕНИЯ ОБ ОТВЕТСТВЕННОСТИ
Основное заглавие Взаимосвязь социальной работы и социальной политики
Сведения, относящиеся к заглавию [Сб. для студентов, обучающихся по спец. "Социал. работа," и для работников социал. служб ]
Первые сведения об ответственности Под ред. Ш. Рамон
Последующие сведения об ответственности Пер. с англ. А.В. Соловьева
-- Науч. ред. пер. к. психол. н. Б.Ю. Шапиро
210 ## - ПУБЛИКАЦИЯ, РАСПРОСТРАНЕНИЕ И ДР.
Место издания, распространения и т.д. М.
Имя издателя, распространителя и т. д. Аспект Пресс
Дата издания, распространения и т.д. 1997
215 ## - ФИЗИЧЕСКАЯ ХАРАКТЕРИСТИКА
Специфическое обозначение материала и объем 254 с.
Другие сведения о физической характеристике ил.
Размеры 21
225 1# - СЕРИЯ
Основное заглавие серии Сер. "Социал. работа в меняющемся мире"
Сведения об ответственности Ред. Ш. Рамон
225 1# - СЕРИЯ
Основное заглавие серии Открытая кн. Открытое сознание. Открытое о-во
225 1# - СЕРИЯ
Основное заглавие серии Прогр. "Высш. образование"
320 ## - ПРИМЕЧАНИЯ О НАЛИЧИИ В ДОКУМЕНТЕ БИБЛИОГРАФИИ / УКАЗАТЕЛЯ
Текст примечания Библиогр. в примеч.: с.233-254
461 #0 - УРОВЕНЬ НАБОРА
Встроенное поле 2001#$aОткрытая книга. Открытое сознание. Открытое общество
Заглавие Открытая книга. Открытое сознание. Открытое общество
606 0# - НАИМЕНОВАНИЕ ТЕМЫ КАК ПРЕДМЕТ
Наименование темы Социальная работа
Формальный подзаголовок Руководства, пособия и т.п. для высшей школы
Системный номер авторитетной/нормативной записи 2037175
Идентификатор авторитетной/нормативной записи RU\NLR\auth\661223020
606 0# - НАИМЕНОВАНИЕ ТЕМЫ КАК ПРЕДМЕТ
Наименование темы Социальная работа
Формальный подзаголовок Учебные издания для высшей школы
Системный номер авторитетной/нормативной записи 2037175
Идентификатор авторитетной/нормативной записи RU\NLR\auth\661223020
606 0# - НАИМЕНОВАНИЕ ТЕМЫ КАК ПРЕДМЕТ
Наименование темы Социальная политика
Формальный подзаголовок Руководства, пособия и т.п. для высшей школы
Системный номер авторитетной/нормативной записи 1347566
Идентификатор авторитетной/нормативной записи RU\NLR\auth\66562469
606 0# - НАИМЕНОВАНИЕ ТЕМЫ КАК ПРЕДМЕТ
Наименование темы Социальная политика
Формальный подзаголовок Учебные издания для высшей школы
Системный номер авторитетной/нормативной записи 1347566
Идентификатор авторитетной/нормативной записи RU\NLR\auth\66562469
686 ## - ИНДЕКСЫ ДРУГИХ КЛАССИФИКАЦИЙ
Индекс С550.473я73-1
702 #1 - ИМЯ ЛИЦА - ВТОРИЧНАЯ ОТВЕТСТВЕННОСТЬ
Код отношения Редактор
Графика поля Кириллица
Материалы, к которым относится поле rus
Начальный элемент ввода Шапиро
Часть имени, кроме начального элемента ввода Б. Ю.
Расширение инициалов личного имени Борис Юрьевич
Системный номер авторитетной/нормативной записи 115221
Идентификатор авторитетной/нормативной записи RU\NLR\auth\775256
702 #1 - ИМЯ ЛИЦА - ВТОРИЧНАЯ ОТВЕТСТВЕННОСТЬ
Код отношения Редактор
Графика поля Кириллица
Материалы, к которым относится поле rus
Начальный элемент ввода Рамон
Часть имени, кроме начального элемента ввода Ш.
Расширение инициалов личного имени Шуламит
Системный номер авторитетной/нормативной записи 113937
Идентификатор авторитетной/нормативной записи RU\NLR\auth\773948
801 #0 - ИСТОЧНИК ЗАПИСИ
Страна Российская Федерация
Организация NLR
Дата составления 19980727
Правила каталогизации PSBO
801 #1 - ИСТОЧНИК ЗАПИСИ
Страна Российская Федерация
Организация NLR
Дата составления 19980727
852 ## - МЕСТОНАХОЖДЕНИЕ И ШИФР ХРАНЕНИЯ
Идентификатор организации NLR
Шифр хранения (Call Number) 98-5/607
942 ## - ДОПОЛНИТЕЛЬНЫЕ ЭЛЕМЕНТЫ ЗАПИСИ (АБИС)
Тип экземпляра АБИС Книга
980 ## - КОЛЛЕКЦИЯ
Название коллекции Национальная библиография
Экземпляры
Тип экземпляра Дата поступления Библиотека постоянного хранения Библиотека текущего хранения Место хранения Шифр хранения Штрих-код Статус экземпляра
Книга 26.10.2013 РНБ (Московский) РНБ (Московский) Русский книжный фонд: издания с 1957 года 98-5/607 1-3434404